| 000 | 01135nam a22003017a 4500 | ||
|---|---|---|---|
| 001 | 6723 | ||
| 003 | FISKH | ||
| 005 | 20250522151539.0 | ||
| 008 | 250522b cb ||||| |||| 00| 0 eng d | ||
| 020 | _a078073004997 | ||
| 040 |
_aFISKH _beng _cFISKH _dFISKH |
||
| 050 | _aB186 | ||
| 082 | _a 823.914 | ||
| 100 |
_aM.Baglio, Ben _d(1960-) |
||
| 245 |
_aDolphin dairies : _bChasing the dream / _cBen M.Baglio ; Illustrations by Judith Lawton |
||
| 250 | _aThis edition first published in 2002 | ||
| 260 |
_aNew York : _bScholastic, _c2001 |
||
| 300 |
_a153 pages : _billustrations ; _c20 cm |
||
| 505 | _aR | ||
| 520 | _a"Jody has arrived in the Caribbean, and already she's made a new dolphin friend, Frida. But other dolphins there have been captured and taken to live in dirty, unhealthy conditions--just to entertain tourists! Jody is outraged. Can she help win freedom for these dolphins?" | ||
| 521 | 8 |
_a740
_bLexile |
|
| 521 | 8 |
_aR
_bRaz-Plus |
|
| 650 |
_2Dolphin Diaries _aBrown series |
||
| 650 |
_2Youthtime _aChapter Book C |
||
| 700 |
_aLawton, Judith _dillustrator |
||
| 942 |
_2ddc _cBK _n0 |
||
| 999 |
_c6723 _d6723 |
||